MILK TESTING : A LABORATORY CONTROL OF MILK. (Record no. 216174)

MARC details
000 -LEADER
fixed length control field 00513nam a22001817a 4500
008 - FIXED-LENGTH DATA ELEMENTS--GENERAL INFORMATION
fixed length control field 251112b |||||||| |||| 00| 0 eng d
020 ## - INTERNATIONAL STANDARD BOOK NUMBER
International Standard Book Number 979-8-88715-026-0
050 ## - LIBRARY OF CONGRESS CALL NUMBER
Classification number SF 251 .A 38 2023
Item number 1
100 ## - MAIN ENTRY--PERSONAL NAME
Personal name AITKEN,TAYLOR
245 ## - TITLE STATEMENT
Title MILK TESTING : A LABORATORY CONTROL OF MILK.
250 ## - EDITION STATEMENT
Edition statement 1ST ED.
260 ## - PUBLICATION, DISTRIBUTION, ETC.
Place of publication, distribution, etc. DUBLIN,OH
Name of publisher, distributor, etc. ORYSON PRESS
Date of publication, distribution, etc. 2023
300 ## - PHYSICAL DESCRIPTION
Extent VI. 275P.:ILL.
500 ## - GENERAL NOTE
General note INCLUDES INDEX
650 ## - SUBJECT ADDED ENTRY
Topical term or geographic name entry element MILK - TESTING, MILK - QUALITY CONTROL
942 ## - ADDED ENTRY ELEMENTS (KOHA)
Source of classification or shelving scheme Library of Congress Classification
Koha item type Long Loan Book
Holdings
Withdrawn status Lost status Source of classification or shelving scheme Damaged status Not for loan Collection Home library Current library Date acquired Inventory number Total checkouts Full call number Barcode Date last seen Copy number Price effective from Koha item type
    Library of Congress Classification     Science & Technology Kisii University Library Kisii University Library 11/12/2025 109705   SF 251. A38 2023 000000024794 11/12/2025 1 11/12/2025 Long Loan Book
    Library of Congress Classification     Science & Technology Kisii University Library Kisii University Library 11/12/2025 109706   SF 251. A38 2023 000000024795 11/12/2025 2 11/12/2025 Long Loan Book
    Library of Congress Classification     Science & Technology Kisii University Library Kisii University Library 11/12/2025 109707   SF 251. A38 2023 000000024796 11/12/2025 3 11/12/2025 Long Loan Book
    Library of Congress Classification       Kisii University Library Kisii University Library 11/12/2025 109708     000000024797 11/12/2025 4 11/12/2025 Long Loan Book